<The> Norton Reader <An> Anthology of Expository Prose

Gespeichert in:
Bibliographische Detailangaben
Format: Buch
Sprache:Englisch
Veröffentlicht: New York Norton and Co. 1984
Ausgabe:6. ed.
Tags: Tag hinzufügen
Keine Tags, Fügen Sie das erste Tag hinzu!

MARC

LEADER 00000nam a2200000 4500
001 c040115
005 20221220090741.5
041 0 |a eng 
044 |a US 
245 1 0 |a <The> Norton Reader  |b <An> Anthology of Expository Prose 
250 |a 6. ed. 
264 1 |a New York  |b Norton and Co.  |c 1984 
300 |a 1230 s.